000 00716nam a2200265Ia 4500
001 14529
005 20240113235540.0
007 ta
008 051125s1984 a g b000 u 465 u
040 _aCotton College,Assam
041 _a465
082 _a512.523
_bSh 11 Ve
100 _aSharma , P.H..
245 0 _aA Text Book on Vector Algebra and Calculus /
_cP.H.Sharma & R.G.Sharma.
_hTextual Documents
250 _a1st ed. /
260 _aMeerut :
_bKedar Nath Ram Nath ,
_c1984.
300 _a196p :
_bill ;
_c22cm .
653 _aVector Algebra
653 _aCalculus
653 _aG-Mathematics
700 _aSharma, R.G..
942 _2ddc
_cBK
999 _c14515
_d14515